000 00813nam a2200241 i 4500
001 151279
003 ES-MaACL
005 20230906203929.0
007 t|
008 080108s2005 sp ||||1| spa d
020 _a84-7774-240-5
080 _a32(460)"1975/82"
100 1 _aClemente, Josep Carles.
_939196
245 1 3 _aLa corte de los prodigios /
_cJosep Carles Clemente.
260 _aBoadilla del Monte (Madrid) :
_bA. Machado Libros,
_c[2005]-
300 _av. <1> ;
_c26 cm.
490 1 _aPapeles del tiempo ;
_v5
505 8 _aContiene: 1. Los cuadernos de la transición democrática (942, XXXI p. de lám.)
651 4 _aEspaña-
_xPolítica y gobierno-
_y1975-1982.
_98447
830 0 _aPapeles del tiempo ;
_v5
_9187636
852 _aES-MaACL
_jP-1999
_bR.136261
999 _c151279
_d151279